| 000 | 00451cam a22001814a 4500 | ||
|---|---|---|---|
| 005 | 20250605164244.0 | ||
| 008 | 250528s ||||||||||||||||||||||||d | ||
| 035 | _a21417 | ||
| 040 |
_aGR-AtMCL _bgre _dGR-AtMCL _eAACR2 |
||
| 245 | 1 | _aΤΟ ΒΙΒΛΙΟ ΤΗΣ RM/COBOL | |
| 250 | _a1 | ||
| 260 |
_bΜαλλιάρης-Παιδεία, _c1990 |
||
| 300 | _a299 | ||
| 700 | 1 |
_aStone Deborah _97457 |
|
| 942 | _cBK | ||
| 999 |
_c6479 _d6479 |
||